Estrategias psicopedagógica del orientador en niños con condición especial, Distrito Educativo 16-01 / Efigenia Galván Ramírez, Ismarlin Amanda Del Orbe Marte, Ariandna Delgado Sánchez ; asesor: Miladys Lazala (Registro nro. 19699)
[ vista simple ]
| 000 -LEADER | |
|---|---|
| fixed length control field | 01240nam a2200277Ia 4500 |
| 001 - CONTROL NUMBER | |
| control field | 19994 |
| 003 - CONTROL NUMBER IDENTIFIER | |
| control field | DO-CoUTE |
| 005 - DATE AND TIME OF LATEST TRANSACTION | |
| control field | 20260204212507.0 |
| 008 - FIXED-LENGTH DATA ELEMENTS--GENERAL INFORMATION | |
| fixed length control field | 220102s9999 dr 000 0 spa d |
| 040 ## - CATALOGING SOURCE | |
| Original cataloging agency | DO-CoUTE |
| Language of cataloging | spa |
| Transcribing agency | DO-CoUTE |
| 041 0# - LANGUAGE CODE | |
| Language code of text/sound track or separate title | spa |
| 090 ## - LOCALLY ASSIGNED LC-TYPE CALL NUMBER (OCLC); LOCAL CALL NUMBER (RLIN) | |
| Classification number (OCLC) (R) ; Classification number, CALL (RLIN) (NR) | EDU-OR 2019 G15 |
| 100 1# - MAIN ENTRY--PERSONAL NAME | |
| Personal name | Galván Ramírez, Efigenia |
| Relator term | sustentante |
| 245 10 - TITLE STATEMENT | |
| Title | Estrategias psicopedagógica del orientador en niños con condición especial, Distrito Educativo 16-01 / Efigenia Galván Ramírez, Ismarlin Amanda Del Orbe Marte, Ariandna Delgado Sánchez ; asesor: Miladys Lazala |
| 260 ## - PUBLICATION, DISTRIBUTION, ETC. | |
| Place of publication, distribution, etc. | Cotuí, República Dominicana: |
| Name of publisher, distributor, etc. | UTECO, |
| Date of publication, distribution, etc. | 2019 |
| 300 ## - PHYSICAL DESCRIPTION | |
| Extent | 79 páginas |
| 502 ## - DISSERTATION NOTE | |
| Dissertation note | Trabajo de grado (Educación, Mención Orientación Escolar)--Universidad Tecnológica del Cibao Oriental, 2019 |
| 504 ## - BIBLIOGRAPHY, ETC. NOTE | |
| Bibliography, etc. note | Incluye referencia bibliográfica e índice |
| 650 #4 - SUBJECT ADDED ENTRY--TOPICAL TERM | |
| Topical term or geographic name entry element | Estrategias psicopedagógica--Educación Mención Orientación Escolar |
| 700 1# - ADDED ENTRY--PERSONAL NAME | |
| Personal name | Del Orbe Marte, Ismarlin Amanda |
| Relator term | sustentante |
| 700 1# - ADDED ENTRY--PERSONAL NAME | |
| Personal name | Delgado Sánchez, Ariandna |
| Relator term | sustentante |
| 830 0# - SERIES ADDED ENTRY--UNIFORM TITLE | |
| Uniform title | Tesis y disertaciones académicas (Universidad Tecnológica del Cibao Oriental) |
| 942 ## - ADDED ENTRY ELEMENTS (KOHA) | |
| Source of classification or shelving scheme | Clasificación Local |
| Koha item type | Tesis |
| Withdrawn status | Lost status | Source of classification or shelving scheme | Damaged status | Not for loan | Collection code | Home library | Current library | Shelving location | Date acquired | Inventory number | Full call number | Barcode | Date last seen | Copy number | Price effective from | Koha item type |
|---|---|---|---|---|---|---|---|---|---|---|---|---|---|---|---|---|
| Clasificación Local | Préstamo Interno | Trabajos de Grado e Investigación | Biblioteca UTECO | Biblioteca UTECO | En Estantería | 01/02/2021 | ET-2019-174 | EDU-OR 2019 G15 | ET-2019-174 | 03/30/2022 | Ej.1 | 01/02/2021 | Tesis |
